The Last or Most Recent 5 in Different Categories #2 - Statistics

General Stats
  • This quiz has been taken 25 times
  • The average score is 15 of 31
Answer Stats
Category Date/Time Answer % Correct
Countries to Gain Independence From France 5th July 1962 Algeria
87%
Africa Cup of Nations Champions (Football) 2019 Algeria
87%
Africa Cup of Nations Champions (Football) 2021 Senegal
87%
German Chancellors 22nd Nov 2005 – 8th Dec 2021 Angela Merkel
78%
Countries With Earthquakes > 8.0 Richter Scale 28th July 2021 United States
78%
Africa Cup of Nations Champions (Football) 2023 Cote d'Ivoire
74%
Africa Cup of Nations Champions (Football) 2015 Cote d'Ivoire
74%
Countries to Gain Independence From France 22th September 1960 Mali
74%
Africa Cup of Nations Champions (Football) 2017 Cameroon
70%
FIBA Asian Basketball Champions (Men) 2015 China
70%
FIBA Asian Basketball Champions (Men) 2011 China
70%
Countries to Gain Independence From France 28th November 1960 Mauritania
65%
FIBA Asian Basketball Champions (Men) 2013 Iran
57%
German Chancellors 8th Dec 2021- Olaf Scholz
52%
Countries to be the Subject of Proceedings by the International Criminal Court 15th September 2021 Philippines
52%
Countries to Gain Independence From France 6th July 1975 Comoros
48%
Countries With Earthquakes > 8.0 Richter Scale 8th August 2021 United Kingdom (South Georgia and the South Sandwich Islands)
43%
FIBA Asian Basketball Champions (Men) 2022 Australia
39%
FIBA Asian Basketball Champions (Men) 2017 Australia
39%
Countries to Gain Independence From France 27th June 1977 Djibouti
35%
German Chancellors 1st Oct 1982 – 27th Oct 1998 Helmut Kohl
35%
Countries to be the Subject of Proceedings by the International Criminal Court 5th March 2020 Afghanistan
26%
Countries With Earthquakes > 8.0 Richter Scale 26th May 2019 Peru
26%
German Chancellors 16th May 1974 – 1st Oct 1982 Helmut Schmidt
22%
Countries With Earthquakes > 8.0 Richter Scale 4th March 2021 New Zealand
22%
Countries to be the Subject of Proceedings by the International Criminal Court 2nd March 2022 Ukraine
22%
Countries to Gain Independence From France 30th July 1980 Vanuatu
22%
Countries to be the Subject of Proceedings by the International Criminal Court 3rd November 2021 Venezuela
22%
German Chancellors 27th Oct 1998 – 22nd Nov 2005 Gerhard Schröder
17%
Countries With Earthquakes > 8.0 Richter Scale 19th August 2018 Fiji
13%
Countries to be the Subject of Proceedings by the International Criminal Court 3rd March 2021 Palestine
4%
No matching quizzes found
Score Distribution
Percent of People with Each Score
Percentile by Number Answered
Your Score History
You have not taken this quiz